000 01697nam a2200373 i 4500
003 DO-SdBNP
005 20230721142309.0
006 a||||gr|||| 00| 0
007 ta
008 230721t2009 dr aobc| |||| 00| 0 spa d
040 _aDO-SdBNP
_bspa
_cBNPHU
_erda
082 4 _222
_bA881hi
245 0 0 _aAtlas histórico de la República Dominicana y del mundo. /
_cTexto: Quisqueya Lora H... [y otros]; cartografía, Eric Castro Ricart y Henry Ramos Santos; ilustración, Ruddy Núñez ; Editora, Margarita Castro Catrain; fotografía, José Luis Abad, ...[y otros]
264 4 _aSanto Domingo :
_bSantillana,
_c©2009
300 _a151 páginas :
_bIlustraciones, fotografías, gráficas, mapas ;
_c31 cm
336 _2rdacontent
_atexto
_btxt
337 _2rdamedia
_asin medición
_bn
338 _2rdacarrier
_avolumen
_bnc
500 _aIncluye índice temático
505 _aEtapa precolombina.
_tDescubrimiento y conquista.--
_tSiglo XVII.-- Siglo XVIII.-- Siglo XVIX.-- Siglo XIX.--
_tEvolución de la división territorial dominicana.--
590 _aInventariado 2023 / MF
700 1 _4Lora H., Quisqueya,
_etexto
700 1 _aAcosta, Ignacio Aybar,
_etexto
_961881
700 _aCapellán Almonte, Fanny,
_929766
_etexto
700 1 _aRamos Santos, Henry,
_931174
_etexto
700 1 _aCastro Ricart, Eric,
_923170
_ecartógrafo
700 1 _aRamos Santos, Henry,
_931174
_ecartógrafo
700 1 _aNúñez, Ruddy,
_923171
_eilustrador
700 1 _aCastro Catrain, Margarita,
_929221
_eeditora
700 1 _aAbad, José Luis,
_981347
_efotógrafo
700 1 _aBriones, Ricardo,
_d1958-
_975973
_efotógrafo
700 1 _aDiez Polanco, Carlos,
_929828
_efotógrafo
942 _2ddc
_cLBS1
999 _c54236
_d54236